| 000 | 00634nam a2200229Ia 4500 | ||
|---|---|---|---|
| 003 | OSt | ||
| 005 | 20220926013532.0 | ||
| 006 | a|||||r|||| 00| 0 | ||
| 007 | ta | ||
| 008 | 220923b |||||||| |||| 00| 0 eng d | ||
| 037 | _cGeneral Book | ||
| 040 |
_aRTL _cRTL _beng |
||
| 041 |
_2eng _aeng |
||
| 082 | _aY752, L1 | ||
| 100 | _aGramsci Antonio | ||
| 245 | 0 | _aSelections from the prison notebooks Ed and Tr by | |
| 260 |
_aNew York _bInternational Publishers _c1971 |
||
| 300 |
_axvi,483p _ccm. |
||
| 650 | _aPakistan Society | ||
| 942 |
_hY752, L1 _cGB _2CC |
||
| 999 |
_c626172 _d626172 |
||